000 00946nam a2200265 a 4500
001 26446
003 CO-ViMGA
008 141112s2004 ck r 000 u spa d
020 _a9789587582925
040 _aCO-ViMGA
_bspa
_cCO-ViMGA
041 _aSPA
082 0 4 _aCo867.5 S15h
100 1 _aSamper Pizano, Daniel, 1945 -
_941198
245 1 0 _aEl huevo es un traidor :
_by otros artículos para cacarear de la risa /
_cDaniel Samper Pizano ; ilustraciones Matador
250 _a1a ed.
260 _aBogotá :
_bAguilar,
_c2014
300 _a231 p. : il. byn.
650 1 4 _aCIVILIZACION OCCIDENTAL - ANECDOTAS, CHISTES, SATIRAS, ETC.
_941199
650 1 4 _aHUMORISMO COLOMBIANO
_91237
650 1 4 _aHUMORISTAS COLOMBIANOS
_941200
650 1 4 _aILUSTRADORES COLOMBIANOS
_941201
651 _aCOLOMBIA - HISTORIA - ANECDOTAS, CHISTES, SATIRAS, ETC.
_941202
700 1 _aGonzález "Matador", Julio César, 1969 -
_92139
942 _2ddc
_cBK
999 _c2410
_d2410